Homophone Phrases #1 - Statistics

General Stats
  • This quiz has been taken 26 times
  • The average score is 7 of 20
Answer Stats
Hint Answer % Correct
Purchase adieu Buy Bye
70%
Nocturnal horseback warrior Night Knight
65%
Watch the marine See Sea
61%
Shatter slow-down device Break Brake
57%
Solitary Borrowing Lone Loan
52%
An organ has the info Nose Knows
52%
Cure foot bottom Heal Heel
48%
Inscribe proper Write right
48%
Make changes to sanctorum Alter Altar
43%
Up the light beams Raise Rays
43%
Motionless office items Stationary Stationery
39%
Contact flesh Meet Meat
35%
Useless Blood tube Vain Vein
26%
Receive vase Earn Urn
22%
Fastened coastal motion Tied Tide
22%
Big residence attitude Manor Manner
17%
Rough textured route Coarse Course
13%
Matured disheartened sound Grown Groan
13%
Victim's invoke Prey Pray
9%
In case atmospheric state Whether Weather
4%
No matching quizzes found
Score Distribution
Percent of People with Each Score
Percentile by Number Answered
Your Score History
You have not taken this quiz